Technical economic aspects of shrimp ferming
保存先:
| フォーマット: | 図書 |
|---|---|
| 言語: | Undetermined |
| 出版事項: |
Malaysia
Aquatech Conference
1990
|
| 主題: | |
| タグ: |
タグ追加
タグなし, このレコードへの初めてのタグを付けませんか!
|
| Thư viện lưu trữ: | Trung tâm Học liệu Trường Đại học Cần Thơ |
|---|
| LEADER | 00488nam a2200157Ia 4500 | ||
|---|---|---|---|
| 001 | CTU_150733 | ||
| 008 | 210402s9999 xx 000 0 und d | ||
| 082 | |a 639.63 | ||
| 082 | |b T255 | ||
| 245 | 0 | |a Technical economic aspects of shrimp ferming | |
| 260 | |a Malaysia | ||
| 260 | |b Aquatech Conference | ||
| 260 | |c 1990 | ||
| 650 | |a Aquaculture,Shrimp culture,Nuôi trồng thủy sản,Nuôi tôm | ||
| 904 | |i Trọng Hải | ||
| 980 | |a Trung tâm Học liệu Trường Đại học Cần Thơ | ||